000 nam a22 7a 4500
999 _c9670
_d9670
008 180206b ||||| |||| 00| 0 eng d
100 _aGupta,S.P.
_95787
245 _aWork Book Social and Political Life-Class-I-VI
260 _aNew Delhi
_bArya
_c2007